000 01150cam a2200205 4500
001 WB3902-17
008 030107n2003 000 0 eng u
035 _a(Sirsi) u121025
245 _aImproving DBFOs
260 _c2003
490 _aHighways Agency Press Release
_v6 January 2003, (2)
520 _aA new consultation document from the Highways Agency asks for industry feedback on the future use of private finance to deliver improved road services. "Improving DBFOs" (Design, Building, Finance and Operate) looks at the Agency's DBFO procurement processes and outlines ideas to speed up delivery of projects, increase flexibility of contracts, and reduce tendering costs. Consultation deadline is 28 February 2003. Consultation paper available at www.highways.gov.uk/roads/dbfo/dbfo_improve_dec_02/index.htm www.nds.coi.gov.uk/coi/coipress.nsf/567e3dc25f61661580256ae8003b4907/a5441328f6efb61980256ca60052fbb9?OpenDocument
590 _aWB
650 _aDESIGN BUILD FINANCE AND OPERATE SCHEMES
650 _aPFI
650 _aHIGHWAYS AGENCY
650 _aProcurement-old
690 _aTRANSPORT AND COMMUNICATIONS
942 _n0
999 _c71921
_d71921